[Event "Deizisau op 9th"]
[Site "Deizisau"]
[Date "2014.10.26"]
[Round "5"]
[White "Taras, Marian"]
[Black "Sieglen, Joachim"]
[Result "1/2-1/2"]
[WhiteElo "2050"]
[BlackElo "2278"]
[PlyCount "66"]
[EventDate "2014.10.24"]
[EventType "swiss"]
[EventRounds "7"]
[EventCountry "GER"]
[SourceTitle "EXT 2015"]
[Source "ChessBase"]
[SourceDate "2014.11.20"]
[SourceVersion "1"]
[SourceVersionDate "2014.11.20"]
[SourceQuality "1"]

1. d4 d5 2. c4 c6 3. Nc3 dxc4 4. a4 e5 5. e3 exd4 6. exd4 Be6 7. Nf3 Nf6 8. Be2 Be7 9. 0-0 0-0 10. Ne5 a5 11. Nxc4 Na6 12. b3 Nb4 13. Be3 Nfd5 14. Nxd5 Nxd5 15. Rc1 Re8 16. f4 Bf6 17. Bf2 Nxf4 18. Bf3 Nd5 19. Rc2 Nb4 20. Re2 Bd5 21. Rxe8+ Qxe8 22. Re1 Qd8 23. Bg4 g6 24. Qd2 Bg7 25. h4 Bxc4 26. bxc4 Qd6 27. Qe3 Nc2 28. Qe7 Qxe7 29. Rxe7 Bxd4 30. Rxb7 Rd8 31. h5 Kg7 32. h6+ Kxh6 33. Rxf7 Nb4 1/2-1/2

[Event "Staufer op 23rd"]
[Site "Leinzell"]
[Date "2011.01.04"]
[Round "5"]
[White "Budzyn, Matthias"]
[Black "Taras, Marian"]
[Result "0-1"]
[WhiteElo "2198"]
[BlackElo "2039"]
[PlyCount "132"]
[EventDate "2011.01.02"]
[EventType "swiss"]
[EventRounds "9"]
[EventCountry "GER"]
[SourceTitle "CBM 140 Extra"]
[Source "ChessBase"]
[SourceDate "2011.03.01"]
[SourceVersion "1"]
[SourceVersionDate "2011.03.01"]
[SourceQuality "1"]

1. e4 c5 2. c3 b6 3. d4 Bb7 4. Bd3 Nf6 5. Nd2 cxd4 6. cxd4 Nc6 7. Ne2 e5 8. d5 Nb4 9. Bb1 Bc5 10. 0-0 a5 11. a3 Na6 12. Nf3 Qe7 13. Ng3 g6 14. Bd3 h5 15. Bg5 Qd6 16. Qe2 Ng4 17. h3 f6 18. Bd2 Nh6 19. Nh4 f5 20. exf5 Nxf5 21. Ne4 Qc7 22. Nxg6 Nd4 23. Qe3 0-0-0 24. Nxc5 Nxc5 25. b4 axb4 26. axb4 Nxd3 27. Qxd3 Qd6 28. Rfc1+ Kb8 29. Qa3 Nb5 30. Qd3 Nd4 31. Qxd4 exd4 32. Bf4 Qxf4 33. Nxf4 Rhf8 34. Nxh5 Rf5 35. g4 Rg8 36. Kf1 Rf3 37. Ng3 Rgf8 38. Nf5 Bxd5 39. Rd1 d3 40. Ke1 Bb3 41. h4 Re8+ 42. Ne3 Bc2 43. h5 d5 44. Ra3 d4 45. Raxd3 Bxd3 46. Rxd3 dxe3 47. fxe3 Rexe3+ 48. Rxe3 Rxe3+ 49. Kf2 Re8 50. Kf3 Kc7 51. Kf4 Kd6 52. Kf5 Rf8+ 53. Kg6 Rg8+ 54. Kf5 Rf8+ 55. Kg6 Ke5 56. Kg7 Rc8 57. g5 Kf5 58. g6 Kg5 59. Kh7 Kxh5 60. g7 Kg5 61. g8Q+ Rxg8 62. Kxg8 Kf5 63. Kf7 Ke5 64. Ke7 Kd5 65. Kd7 Kc4 66. Kc6 b5 0-1